Normal view MARC view
  • Silver, Harvey F

Entry Personal Name

Number of records used in: 1

001 - CONTROL NUMBER

  • control field: 97734

003 - CONTROL NUMBER IDENTIFIER

  • control field: NUST

005 - DATE AND TIME OF LATEST TRANSACTION

  • control field: 20220817120839.0

008 - FIXED-LENGTH DATA ELEMENTS

  • fixed length control field: 220817|| aca||aabn | a|a d

040 ## - CATALOGING SOURCE

  • Original cataloging agency: NUST
  • Transcribing agency: NUST

100 ## - HEADING--PERSONAL NAME

  • Personal name: Silver, Harvey F

670 ## - SOURCE DATA FOUND

  • Source citation: Work cat.: (NUST)0: Silver, Harvey F., Math tools, grades 3-12 :, c2008.
© 2023 Central Library, National University of Sciences and Technology. All Rights Reserved.